00743nam a2200217Ii 45000010005000000030009000050080041000140400033000550410008000880820016000961000017001122450034001292640060001633000012002233360026002353370028002613380027002899400050003169990017003669520142003835509CO-ViMGA241108s9999||||xx |||||||||||||| ||und|| aCO-ViMGAbspaerdacCO-ViMGA0 aunk04a833.7-G861c1 aGrimm92001510aCuentos de los hermanos Grimm 1a[Lugar de publicación no identificado] : Noguer, 1971 avolumen atextbtxt2rdacontent aunmediatedbn2rdamedia avolumebnc2rdacarrier aidficha_siabuc: 5363. -- ficha_no_siabuc:5509 c52083d52083 001040708001aMEVIGERRbMEVIGERRcGENd2006-11-27hVol.1o833.7-G861cpECA4641r2024-11-26 10:08:52tEj.1w2024-11-26yBKz5363 | 7599